Hutan tropika dan persekitarannya

Bibliographic Details
Main Author: LONGMAN 1931-
Other Authors: Jenik, Noraini Mohd. Tamin
Format: Book
Published: Kuala Lumpur : DBP , 1995
Subjects:

MARC

LEADER 00000cam a2200000 7i4500
001 0000001219
005 20140428.0
020 0 0 |a 983624493X 
090 0 0 |a 581.90952   |b LON 1995 
100 1 0 |a LONGMAN   |h K. A. (Kenneth Alan)   |c 1931- 
245 1 0 |a Hutan tropika dan persekitarannya   |c Kenneth A. Longman dan J. Jenik; penterjemah Noraini Mohd. Tamin 
260 0 0 |a Kuala Lumpur :   |b DBP ,   |c 1995 
300 |a xii, 370 p. :   |b ill. ;   |c 22 cm. 
500 0 0 |a Bibliography : [p. 323-349] and index 
650 0 0 |a Rain forest ecology 
650 0 0 |a Rain forests 
650 0 0 |a Tropical plants 
700 0 1 |a Jenik   |h J. (Jan) 
700 0 1 |a Noraini Mohd. Tamin 
998 |a JPSM 
999 |a 0000001217   |b Monograph   |c Open Shelf   |e Default branch 
999 |a 0000001218   |b Monograph   |c Open Shelf   |e Default branch 
999 |a 0000001219   |b Monograph   |c Open Shelf   |e Default branch 
999 |a 0000001220   |b Monograph   |c Open Shelf   |e Default branch